000 00467nam a2200181Ia 4500
008 240925s9999 xx 000 0 und d
020 _a8120330382
082 _a352.4 WAN
100 _aWang, Xiaohu
245 0 _aFinancial management in the public sector
250 _aNA
260 _aNew Delhi:
_bPHI Learning
_c,2006.
300 _a436p.
_bN.A
_fOriginal
500 _aIncludes Index
600 _aSocial Sciences
650 _aSocial Sciences
942 _cBK
999 _c17799
_d17799